000 00267nam a2200133Ia 4500
100 _aManjunath/ T.C.
942 _cBK
654 _arobotic
245 _aRobotics
260 _bH.N. Publications
_c2000
082 _a629.892
_bMAN
546 _aENGLISH
999 _c30109
_d30109